Villes et noms des équipes de WNBA - Statistiques

Statistiques générales
  • Ce quiz a été pris 162 fois
  • Le résultat moyen est 11 sur 24
Statistiques - réponses
Réponse % Correct
Las Vegas
77%
Los Angeles
76%
Liberty
73%
Aces
66%
Chicago
65%
Seattle
60%
Sparks
56%
Storm
54%
Lynx
53%
Sky
53%
Fever
51%
Sun
50%
Washington
49%
Phoenix
48%
Atlanta
47%
Wings
46%
Dream
40%
Mystics
39%
Indianapolis
37%
Mercury
36%
Minneapolis
28%
Uncasville
4%
Arlington
3%
White Plains
2%
Aucun quiz correspondant
Distribution des résultats
% des personnes avec chaque résultat
Percentile par nombre de réponses
Votre historique - résultats
Vous n’avez pas pris ce quiz